[Event "Pula op 35th"]
[Site "Pula"]
[Date "2023.06.17"]
[Round "1"]
[White "Dahl, Torbjorn"]
[Black "Novosel, Lovro"]
[Result "0-1"]
[WhiteElo "1859"]
[BlackElo "2400"]
[PlyCount "54"]
[EventDate "2023.06.17"]
[EventType "swiss"]
[EventRounds "9"]
[EventCountry "CRO"]
[SourceTitle "CBM 214 Extra"]
[Source "ChessBase"]
[SourceDate "2023.07.31"]
[SourceVersion "1"]
[SourceVersionDate "2023.07.31"]
[SourceQuality "1"]

1. Nf3 Nf6 2. d3 c5 3. e4 d6 4. g3 e6 5. Bg2 Be7 6. Nbd2 0-0 7. 0-0 Qc7 8. Re1 Nc6 9. Nf1 a6 10. h4 b5 11. e5 Nd5 12. exd6 Bxd6 13. N1h2 Bb7 14. Ng5 Be7 15. Ng4 Nd4 16. Be4 f5 17. Bxd5 Bxd5 18. Bf4 Qb7 19. Ne5 h6 20. Qh5 Bf6 21. Re3 Bxe5 22. Bxe5 hxg5 23. hxg5 Nf3+ 24. Kf1 Nxe5 25. Rxe5 g6 26. Qxg6+ Qg7 27. Qh6 Qxe5 0-1

[Event "Ostersund Storsjodraget op"]
[Site "Ostersund"]
[Date "2019.06.14"]
[Round "2"]
[White "Dahl, Torbjorn"]
[Black "Hjorth, Gunnar"]
[Result "0-1"]
[WhiteElo "1891"]
[BlackElo "2219"]
[PlyCount "58"]
[EventDate "2019.06.14"]
[EventType "swiss"]
[EventRounds "7"]
[EventCountry "SWE"]
[SourceTitle "CBM 192 Extra"]
[Source "Chessbase"]
[SourceDate "2019.11.06"]
[SourceVersion "1"]
[SourceVersionDate "2019.11.06"]
[SourceQuality "1"]

1. e4 c5 2. c3 g6 3. d3 Bg7 4. Nf3 Nc6 5. g3 Nf6 6. Bg2 0-0 7. 0-0 d5 8. Nbd2 e5 9. Re1 h6 10. exd5 Nxd5 11. Ne4 b6 12. Qa4 Bb7 13. h4 Nde7 14. g4 f5 15. gxf5 gxf5 16. Qc4+ Qd5 17. Qxd5+ Nxd5 18. Nd6 Ba6 19. c4 Ndb4 20. Rd1 Rad8 21. a3 Nc2 22. Ng5 Rxd6 23. Bd5+ Kh8 24. Rb1 hxg5 25. hxg5 Ne7 26. Kg2 Nxd5 27. Rh1+ Kg8 28. cxd5 Bxd3 29. Bd2 Nd4 0-1

[Event "Ostersund op"]
[Site "Ostersund"]
[Date "2018.06.16"]
[Round "4"]
[White "Johansson, Henrik"]
[Black "Dahl, Torbjorn"]
[Result "1/2-1/2"]
[WhiteElo "1703"]
[BlackElo "1947"]
[PlyCount "144"]
[EventDate "2018.06.15"]
[EventType "swiss"]
[EventRounds "6"]
[EventCountry "SWE"]
[SourceTitle "CBM 184 Extra"]
[Source "ChessBase"]
[SourceDate "2018.06.28"]
[SourceVersion "1"]
[SourceVersionDate "2018.06.28"]
[SourceQuality "1"]

1. d4 Nf6 2. Nf3 e6 3. e3 Nc6 4. Bd3 Nb4 5. Be2 c5 6. 0-0 Be7 7. c3 Nc6 8. Bd3 d5 9. Nbd2 0-0 10. Ne5 Nxe5 11. dxe5 Nd7 12. f4 f5 13. c4 b6 14. cxd5 exd5 15. Qf3 Bb7 16. Bc4 dxc4 17. Qxb7 Rb8 18. Qd5+ Kh8 19. Nxc4 b5 20. Nd6 Bxd6 21. exd6 Rb6 22. Bd2 Qf6 23. Bc3 Rxd6 24. Qb7 Qe6 25. Qxb5 Qe4 26. Rad1 Qxe3+ 27. Kh1 Rxd1 28. Rxd1 Nb6 29. Re1 Qxf4 30. Qe8 Qf1+ 31. Rxf1 Rxe8 32. Rxf5 Na4 33. Kg1 Nxc3 34. bxc3 g6 35. Rxc5 Re1+ 36. Kf2 Rc1 37. Rc8+ Kg7 38. Rc7+ Kh6 39. a4 Rc2+ 40. Kf3 Ra2 41. Rxa7 Ra3 42. Rc7 Rxa4 43. c4 Ra3+ 44. Kg4 Ra2 45. Kh3 Rc2 46. g3 Kg5 47. c5 h5 48. c6 Kf6 49. Rc8 g5 50. Rf8+ Kg7 51. Rf1 Kg6 52. g4 Rc3+ 53. Kg2 hxg4 54. Rf8 Rxc6 55. Rg8+ Kh6 56. Kg3 Rc4 57. Rd8 Kg6 58. Rd6+ Kh5 59. Rd8 Rc3+ 60. Kg2 Kg6 61. Rg8+ Kf5 62. Rf8+ Ke6 63. Rg8 Ke5 64. Re8+ Kf6 65. Rf8+ Kg7 66. Rd8 Rc4 67. Kg3 Kg6 68. Rg8+ Kf6 69. Rf8+ Kg7 70. Rd8 Kf7 71. Rd5 Kg6 72. Rd8 Kf7 1/2-1/2

[Event "Ostersund op"]
[Site "Ostersund"]
[Date "2018.06.15"]
[Round "2"]
[White "Modell, Brage"]
[Black "Dahl, Torbjorn"]
[Result "0-1"]
[WhiteElo "1494"]
[BlackElo "1947"]
[PlyCount "98"]
[EventDate "2018.06.15"]
[EventType "swiss"]
[EventRounds "6"]
[EventCountry "SWE"]
[SourceTitle "CBM 184 Extra"]
[Source "ChessBase"]
[SourceDate "2018.06.28"]
[SourceVersion "1"]
[SourceVersionDate "2018.06.28"]
[SourceQuality "1"]

1. d4 Nf6 2. c4 g6 3. Nc3 d5 4. cxd5 Nxd5 5. e4 Nxc3 6. bxc3 Bg7 7. Bc4 c5 8. Nf3 0-0 9. 0-0 Nc6 10. e5 Bg4 11. Be3 cxd4 12. cxd4 b6 13. Be2 e6 14. h3 Bf5 15. Rc1 Nb4 16. a3 Nd5 17. Nd2 Nxe3 18. fxe3 Qg5 19. Rf3 Rfd8 20. g4 h5 21. Rg3 f6 22. exf6 Bxf6 23. Kh1 hxg4 24. hxg4 Bxd4 25. Qe1 Be5 26. Rh3 Kg7 27. Nf3 Be4 28. Qh4 Qxh4 29. Rxh4 Rd2 30. g5 Bxf3+ 31. Bxf3 Rh8 32. Rxh8 Kxh8 33. Rd1 Rxd1+ 34. Bxd1 Bb2 35. a4 Bc1 36. e4 Bxg5 37. Kg2 Kg7 38. Kf3 Kf6 39. Kg4 Bd2 40. Bb3 g5 41. Bc4 Ke5 42. Kf3 Kd6 43. Kg4 Bf4 44. Bb3 e5 45. Kf3 Kc5 46. Ke2 Kb4 47. Bd1 Kc3 48. Kf3 Kb4 49. Ke2 g4 0-1

[Event "NOR-chT Club"]
[Site "Kristiansund"]
[Date "2017.10.22"]
[Round "6.12"]
[White "Dahl, Torbjorn"]
[Black "Kaasen, Tor Fredrik"]
[Result "0-1"]
[WhiteElo "1974"]
[BlackElo "2371"]
[PlyCount "54"]
[EventDate "2017.10.20"]
[EventType "team-tourn"]
[EventRounds "6"]
[EventCountry "NOR"]
[SourceTitle "CBM 181 Extra"]
[Source "ChessBase"]
[SourceDate "2017.12.12"]
[SourceVersion "1"]
[SourceVersionDate "2017.12.12"]
[SourceQuality "1"]
[WhiteTeam "Hell"]
[BlackTeam "Valerenga"]
[WhiteTeamCountry "NOR"]
[BlackTeamCountry "NOR"]

1. e4 c5 2. c3 Nf6 3. d3 Nc6 4. Nf3 e5 5. Be2 Be7 6. 0-0 d5 7. exd5 Qxd5 8. Nbd2 0-0 9. Re1 Re8 10. d4 exd4 11. Bc4 Qh5 12. cxd4 cxd4 13. Ne4 Nxe4 14. Rxe4 Bg4 15. Qb3 Bxf3 16. gxf3 Bd6 17. Bd2 Qxh2+ 18. Kf1 Qh1+ 19. Ke2 Rxe4+ 20. fxe4 Qxe4+ 21. Kd1 Ne5 22. Bd5 Qg4+ 23. f3 Qg1+ 24. Be1 Re8 25. Rc1 d3 26. Qxb7 Qg2 27. Rc8 Qe2+ 0-1

[Event "NOR-chT Club"]
[Site "Kristiansund"]
[Date "2017.10.20"]
[Round "1.4"]
[White "Refsnes, Stale"]
[Black "Dahl, Torbjorn"]
[Result "0-1"]
[WhiteElo "1444"]
[BlackElo "1974"]
[PlyCount "110"]
[EventDate "2017.10.20"]
[EventType "team-tourn"]
[EventRounds "6"]
[EventCountry "NOR"]
[SourceTitle "CBM 181 Extra"]
[Source "ChessBase"]
[SourceDate "2017.12.12"]
[SourceVersion "1"]
[SourceVersionDate "2017.12.12"]
[SourceQuality "1"]
[WhiteTeam "Volda Orsta"]
[BlackTeam "Hell"]
[WhiteTeamCountry "NOR"]
[BlackTeamCountry "NOR"]

1. e4 Nf6 2. Nc3 d5 3. exd5 Nxd5 4. Nxd5 Qxd5 5. Qf3 Qxf3 6. Nxf3 Nc6 7. Bb5 Bd7 8. c3 a6 9. Ba4 e5 10. 0-0 f6 11. Re1 0-0-0 12. d4 exd4 13. Bxc6 Bxc6 14. Nxd4 Bd5 15. Bf4 g5 16. Bg3 h5 17. h3 h4 18. Bh2 g4 19. hxg4 h3 20. f3 Bc5 21. Kh1 hxg2+ 22. Kxg2 Bxd4 23. cxd4 Bxf3+ 24. Kxf3 Rxh2 25. Re4 Rxb2 26. Rf4 Rd6 27. a4 Rb4 28. Ke3 Kd7 29. Ra3 Re6+ 30. Kd3 Ke7 31. Rc3 c6 32. Ra3 Re1 33. Kd2 Re6 34. Kd3 c5 35. Rc3 Rxa4 36. Rxc5 b5 37. Rff5 Rd6 38. Rcd5 Ra3+ 39. Kc2 Rxd5 40. Rxd5 Rg3 41. Kb2 Rxg4 42. Kb3 Ke6 43. Rd8 a5 44. d5+ Ke7 45. Rb8 Rg3+ 46. Kc2 b4 47. Rb5 b3+ 48. Kb2 a4 49. Ka3 Rg4 50. Rb6 f5 51. Re6+ Kf7 52. Re1 Rd4 53. Re5 f4 54. d6 Rxd6 55. Kxa4 Rb6 0-1

[Event "Fagernes TV2 Elo op"]
[Site "Fagernes"]
[Date "2017.04.15"]
[Round "8"]
[White "Darnell, Anton"]
[Black "Dahl, Torbjorn"]
[Result "1-0"]
[WhiteElo "1959"]
[BlackElo "1962"]
[PlyCount "81"]
[EventDate "2017.04.09"]
[EventType "swiss"]
[EventRounds "9"]
[EventCountry "NOR"]
[SourceTitle "CBM 177 Extra"]
[Source "ChessBase"]
[SourceDate "2017.04.27"]
[SourceVersion "1"]
[SourceVersionDate "2017.04.27"]
[SourceQuality "1"]

1. d4 Nf6 2. c4 Nc6 3. Nf3 e6 4. a3 d6 5. Nc3 g6 6. e4 Bg7 7. Be2 0-0 8. 0-0 Re8 9. Re1 e5 10. dxe5 dxe5 11. Qxd8 Rxd8 12. Bg5 Be6 13. Nd5 Bxd5 14. cxd5 Nd4 15. Nxd4 exd4 16. e5 Nxd5 17. Bxd8 Rxd8 18. Bf3 c5 19. Bxd5 Rxd5 20. f4 Kf8 21. Rac1 Ke8 22. b4 Bf8 23. bxc5 Bxc5 24. Rb1 b6 25. Rb3 a5 26. Rd3 Kd7 27. Kf2 b5 28. Kf3 Kc6 29. g4 Rd8 30. Ke4 b4 31. a4 Kd7 32. Rc1 Ba7 33. h4 h5 34. gxh5 gxh5 35. Rg3 Rb8 36. Rg7 Rf8 37. f5 b3 38. e6+ Kd6 39. Rxf7 Rxf7 40. exf7 Ke7 41. Rc7+ 1-0

[Event "Fagernes TV2 Elo op"]
[Site "Fagernes"]
[Date "2017.04.13"]
[Round "6"]
[White "Dahl, Torbjorn"]
[Black "Rasmussen, Jonas H"]
[Result "1/2-1/2"]
[WhiteElo "1962"]
[BlackElo "1859"]
[PlyCount "67"]
[EventDate "2017.04.09"]
[EventType "swiss"]
[EventRounds "9"]
[EventCountry "NOR"]
[SourceTitle "CBM 177 Extra"]
[Source "ChessBase"]
[SourceDate "2017.04.27"]
[SourceVersion "1"]
[SourceVersionDate "2017.04.27"]
[SourceQuality "1"]

1. e4 e5 2. Nf3 Nc6 3. Bc4 Bc5 4. c3 Nf6 5. d3 d6 6. Bb3 0-0 7. Nbd2 a6 8. Nf1 Ng4 9. Bg5 Nxf2 10. Bxd8 Nxd1 11. Rxd1 Rxd8 12. d4 exd4 13. cxd4 Bb4+ 14. N1d2 Bg4 15. 0-0 Na5 16. Bxf7+ Kxf7 17. Ne5+ Kg8 18. Nxg4 Re8 19. Nf2 c5 20. Nf3 Nc4 21. a3 Ba5 22. dxc5 dxc5 23. Rd7 b5 24. Nd3 Rxe4 25. Ng5 Rd4 26. Rdf7 Rxd3 27. Ne6 h6 28. Rxg7+ Kh8 29. Rff7 Rd1+ 30. Kf2 Rd2+ 31. Kg1 Rd1+ 32. Kf2 Rd2+ 33. Kg1 Rd1+ 34. Kf2 1/2-1/2

[Event "Fagernes TV2 Elo op"]
[Site "Fagernes"]
[Date "2017.04.12"]
[Round "5"]
[White "Dahl, Torbjorn"]
[Black "Olsen, Alf Marius Foss"]
[Result "1-0"]
[WhiteElo "1962"]
[BlackElo "1712"]
[PlyCount "67"]
[EventDate "2017.04.09"]
[EventType "swiss"]
[EventRounds "9"]
[EventCountry "NOR"]
[SourceTitle "CBM 177 Extra"]
[Source "ChessBase"]
[SourceDate "2017.04.27"]
[SourceVersion "1"]
[SourceVersionDate "2017.04.27"]
[SourceQuality "1"]

1. e4 c5 2. d3 d6 3. f4 Nc6 4. Nf3 e6 5. Be2 Be7 6. 0-0 Nf6 7. c3 0-0 8. Na3 a6 9. Nc2 b5 10. Qe1 Re8 11. h3 Bb7 12. Be3 Rc8 13. g4 Kh8 14. Qg3 Ng8 15. Rf2 Qd7 16. Ng5 Rf8 17. Nxh7 Kxh7 18. g5 g6 19. h4 Kg7 20. h5 Bd8 21. hxg6 fxg6 22. Qh3 Rf7 23. Bg4 Re7 24. Raf1 Rc7 25. f5 exf5 26. exf5 gxf5 27. Bxf5 Qxf5 28. Qxf5 Rcd7 29. Qf8+ Kh8 30. g6 Ne5 31. Rh2+ Rh7 32. Rxh7+ Rxh7 33. gxh7 Be7 34. Qxg8# 1-0